000 00603nam a2200241Ia 4500
003 OSt
005 20220916111055.0
006 a|||||r|||| 00| 0
007 ta
008 220915b |||||||| |||| 00| 0 eng d
024 _a248338
037 _cTextbook
040 _beng
_aARTS
_cARTS
041 _aeng
082 _aMY6, H7
100 _aCorbett Jim
245 0 _aMan - eaters of kumaon
260 _aNew York
_bOxford University Press U.S.A
300 _a182p.
_ccm.
650 _aINDUSTRIAL ARTS
942 _hMY6, H7
_cTB
_2CC
999 _c105027
_d105027